<?xml version="1.0" encoding="UTF-8"?><?xml-stylesheet type="text/xsl" href="static/style.xsl"?><OAI-PMH xmlns="http://www.openarchives.org/OAI/2.0/" xmlns:xsi="http://www.w3.org/2001/XMLSchema-instance" xsi:schemaLocation="http://www.openarchives.org/OAI/2.0/ http://www.openarchives.org/OAI/2.0/OAI-PMH.xsd"><responseDate>2026-06-05T14:23:44Z</responseDate><request verb="GetRecord" identifier="oai:riuma.uma.es:10630/28497" metadataPrefix="marc">https://riuma.uma.es/rest/oai/request</request><GetRecord><record><header><identifier>oai:riuma.uma.es:10630/28497</identifier><datestamp>2026-02-03T10:55:55Z</datestamp><setSpec>com_10630_2254</setSpec><setSpec>col_10630_37953</setSpec></header><metadata><record xmlns="http://www.loc.gov/MARC21/slim" xmlns:dcterms="http://purl.org/dc/terms/" xmlns:doc="http://www.lyncode.com/xoai" xmlns:xsi="http://www.w3.org/2001/XMLSchema-instance" xsi:schemaLocation="http://www.loc.gov/MARC21/slim http://www.loc.gov/standards/marcxml/schema/MARC21slim.xsd">
   <leader>00925njm 22002777a 4500</leader>
   <datafield ind2=" " ind1=" " tag="042">
      <subfield code="a">dc</subfield>
   </datafield>
   <datafield ind2=" " ind1=" " tag="720">
      <subfield code="a">Larrubia-Vargas, Remedios</subfield>
      <subfield code="e">author</subfield>
   </datafield>
   <datafield ind2=" " ind1=" " tag="720">
      <subfield code="a">Navarro-Rodríguez, Susana Rosa</subfield>
      <subfield code="e">author</subfield>
   </datafield>
   <datafield ind2=" " ind1=" " tag="720">
      <subfield code="a">Ocaña-Ocaña, María del Carmen</subfield>
      <subfield code="e">author</subfield>
   </datafield>
   <datafield ind2=" " ind1=" " tag="260">
      <subfield code="c">2022-12-21</subfield>
   </datafield>
   <datafield ind2=" " ind1=" " tag="520">
      <subfield code="a">La despoblación y el envejecimiento están afectando a amplias áreas de bajas densidades de población y a cientos de núcleos en vías de extinción, especialmente en las zonas del interior de España. Además estos procesos han llevado a ciertas áreas rurales a una preocupante situación de vulnerabilidad demográfica. &#xd;
El objetivo de este trabajo es analizar el papel que están jugando determinados factores en la estabilidad de estos núcleos rurales más frágiles. Su análisis territorial se concretará en la provincia de Málaga y en el estudio de dos mecanismos de carácter social y de origen público: el subsidio de desempleo a la población agraria y el sistema de pensiones. Los resultados obtenidos confirman que en las rentas de los municipios rurales, especialmente de los más pequeños, estos ingresos ocupan un lugar destacado, permitiendo mantener sus débiles y envejecidas poblaciones al sostener el nivel de vida de sus habitantes.</subfield>
   </datafield>
   <datafield ind1="8" ind2=" " tag="024">
      <subfield code="a">Larrubia Vargas, R. ., Navarro Rodríguez, S. R. ., &amp; Ocaña Ocaña, M. C. . (2022). El papel de las transferencias sociales en la estabilidad demográfica de los núcleos rurales. A propósito de la provincia de Málaga. Estudios Geográficos, 83(293), e115. https://doi.org/10.3989/estgeogr.2022121.121</subfield>
   </datafield>
   <datafield ind1="8" ind2=" " tag="024">
      <subfield code="a">https://hdl.handle.net/10630/28497</subfield>
   </datafield>
   <datafield ind1="8" ind2=" " tag="024">
      <subfield code="a">https://orcid.org/0000-0002-8397-0453</subfield>
   </datafield>
   <datafield tag="653" ind2=" " ind1=" ">
      <subfield code="a">Éxodo rural</subfield>
   </datafield>
   <datafield tag="653" ind2=" " ind1=" ">
      <subfield code="a">Empleo rural</subfield>
   </datafield>
   <datafield tag="653" ind2=" " ind1=" ">
      <subfield code="a">Málaga (Provincia) - Situación rural</subfield>
   </datafield>
   <datafield ind2="0" ind1="0" tag="245">
      <subfield code="a">El papel de las transferencias sociales en la estabilidad demográfica de los núcleos rurales. A propósito de la provincia de Málaga.</subfield>
   </datafield>
</record>
</metadata></record></GetRecord></OAI-PMH>